Las aventuras de gato : (Registro nro. 30484)
[ vista simple ]
| 000 -LEADER | |
|---|---|
| fixed length control field | 01687nam a22002657a 4500 |
| 003 - CONTROL NUMBER IDENTIFIER | |
| control field | OSt |
| 005 - DATE AND TIME OF LATEST TRANSACTION | |
| control field | 20240712151010.0 |
| 008 - FIXED-LENGTH DATA ELEMENTS--GENERAL INFORMATION | |
| fixed length control field | 231219t2022 ck a dr6 000 j spa d |
| 020 ## - INTERNATIONAL STANDARD BOOK NUMBER | |
| International Standard Book Number | 989585125360 |
| 037 ## - SOURCE OF ACQUISITION | |
| Materials specified | Donación |
| 040 ## - CATALOGING SOURCE | |
| Original cataloging agency | CO-JMCR |
| Transcribing agency | CO-JMCR |
| Modifying agency | CO-JMCR |
| Description conventions | rda |
| Language of cataloging | spa |
| 041 0# - LANGUAGE CODE | |
| Language code of text/sound track or separate title | spa |
| 082 04 - DEWEY DECIMAL CLASSIFICATION NUMBER | |
| Classification number | J-H |
| Item number | RABa2 |
| Edition number | 2022 |
| 100 1# - MAIN ENTRY--PERSONAL NAME | |
| Personal name | Rabanal, Daniel, |
| Relator term | Autor |
| 9 (RLIN) | 41996 |
| Dates associated with a name | 1949- |
| 245 14 - TITLE STATEMENT | |
| Title | Las aventuras de gato : |
| Remainder of title | El triangulo de la candelaria / |
| Statement of responsibility, etc. | Daniel Rabanal. |
| 260 ## - PUBLICATION, DISTRIBUTION, ETC. | |
| Place of publication, distribution, etc. | Bogotá : |
| Name of publisher, distributor, etc. | Secretaria distrital de cultura y deporte , |
| Date of publication, distribution, etc. | ©2022 |
| 300 ## - PHYSICAL DESCRIPTION | |
| Extent | 52 páginas ; |
| Dimensions | 23 cm. |
| 440 ## - SERIES STATEMENT/ADDED ENTRY--TITLE | |
| Title | Las aventuras de gato |
| 9 (RLIN) | 43117 |
| 490 ## - SERIES STATEMENT | |
| Series statement | Leer para la vida |
| 520 3# - SUMMARY, ETC. | |
| Summary, etc. | Algo que sorprende de las historietas de Daniel Rabanal es su capacidad de hablar con sutileza de problemas políticos y sociales sistemáticos del país, haciendo una captura del presente con tanta fidelidad y, sin hacer una bajada de linea, nos cuenta qué pasaba en Colombia en los noventa.<br/><br/>Es curioso recordar que las historietas de aventura generalmente nos contaban que los buenos eran los blancos y los malos eran los indios; que los animales eran fieras y bestias salvajes de las que siempre había que defenderse o aprovecharse; que las mujeres solo eran acompañantes o amantes de los héroes. Esa voz terminó siendo una narrativa colonizadora que nos convenció. En Las aventuras de Gato podemos ver nuestro propio hábitat dibujado de una manera exquisita y un cambio de lugar de los personajes con poder. |
| 650 14 - SUBJECT ADDED ENTRY--TOPICAL TERM | |
| Source of heading or term | JMCR |
| Topical term or geographic name entry element | Historietas argentinas |
| 9 (RLIN) | 43111 |
| 650 24 - SUBJECT ADDED ENTRY--TOPICAL TERM | |
| Source of heading or term | JMCR |
| Topical term or geographic name entry element | Aventura |
| Form subdivision | Historieta |
| 9 (RLIN) | 43112 |
| 650 34 - SUBJECT ADDED ENTRY--TOPICAL TERM | |
| Source of heading or term | JMCR |
| Topical term or geographic name entry element | Tiras cómicas |
| Geographic subdivision | Argentina |
| 9 (RLIN) | 43113 |
| 942 ## - ADDED ENTRY ELEMENTS (KOHA) | |
| Source of classification or shelving scheme | Dewey Decimal Classification |
| Koha item type | Books |
| Withdrawn status | Lost status | Damaged status | Not for loan | Home library | Current library | Shelving location | Date acquired | Source of acquisition | Total Checkouts | Full call number | Barcode | Date last seen | Date last checked out | Copy number | Price effective from | Koha item type |
|---|---|---|---|---|---|---|---|---|---|---|---|---|---|---|---|---|
| Biblioteca Pública José María del Castillo y Rada | Biblioteca Pública José María del Castillo y Rada | Fiction | 11/30/2023 | Donación | 3 | A-H RABa2 | 201812152 | 04/10/2024 | 04/10/2024 | Ej. 1 | 12/20/2023 | Books |